000
00233 a2200085 4500
082
_a
297.1226 KAR
245
_a
AL Hadis [Book 2]
_c
Maulana Fazlul Karim
260
_a
Pakistan
_b
Islamic Education Center
_c
1998 .
300
_a
vii ,732p .
650
_a
Islam- translation
999
_c
159
_d
159